Cuestiones vinculadas a las diferencias entre el acto administrativo y el reglamento (Registro nro. 16690)

Detalles MARC
000 -LEADER
fixed length control field 00365 a2200109 4500
001 - CONTROL NUMBER
control field ART_10661
005 - DATE AND TIME OF LATEST TRANSACTION
control field 20260410161718.0
008 - FIXED-LENGTH DATA ELEMENTS--GENERAL INFORMATION
fixed length control field 260409a
100 1# - MAIN ENTRY--PERSONAL NAME
Personal name Halperin, David A.
245 10 - TITLE STATEMENT
Title Cuestiones vinculadas a las diferencias entre el acto administrativo y el reglamento
773 0# - HOST ITEM ENTRY
Title Derecho administrativo
Related parts - Nº 79 (feb. 2012)
Record control number REV1721

No hay ítems disponibles.